Pays qui battent la République démocratique du Congo - Statistiques

Statistiques générales
  • Ce quiz a été pris 177 fois
  • Le résultat moyen est 9 sur 16
Statistiques - réponses
Rang Catégorie Pays % Correct
2 Surface du territoire en Afrique Algérie
97%
4 Population en Afrique Nigeria | Éthiopie | Égypte
95%
4 Pays africain le plus deviné sur le Pays du monde quiz Égypte | Afrique du Sud | Madagascar
70%
7 La plupart des chrétiens Etats-Unis | Brésil | Mexique | Nigeria | Philippines | Russie
70%
11 La plupart des langues parlées Papouasie-Nouvelle-Guinée | Indonésie | Nigeria | Inde | Etats-Unis | Chine | Mexique | Cameroun | Australie | Brésil
70%
2 Le plus peuplé commençant par la lettre R Russie
69%
5 Pays frontaliers Chine | Russie | France | Brésil
61%
6 Production de diamants Russie | Botswana | Canada | Angola | Afrique du Sud
58%
3 Le plus récent pour changer son nom Macédoine du Nord | Eswatini
50%
3 Surface du territoire sur les tropiques Brésil | Australie
47%
3 Le plus récent à obtenir son indépendance de la Belgique Burundi | Rwanda
41%
6 Littoral le plus court (parmi les pays avec un littoral) Monaco | Bosnie-Herzégovine | Tuvalu | Jordanie | Nauru
41%
7 Source du plus de réfugiés Syrie | Venezuela | Afghanistan | Soudan du Sud | Birmanie | Somalie
41%
2 Le pays le plus peuplé n'a jamais remporté de médaille olympique Bangladesh
23%
2 La plupart des décès dus au paludisme en 2017 Nigeria
22%
2 Pays avec la ville la plus peuplée commençant par la lettre K Pakistan
16%
Aucun quiz correspondant
Distribution des résultats
% des personnes avec chaque résultat
Percentile par nombre de réponses
Votre historique - résultats
Vous n’avez pas pris ce quiz